[Event "60o Campeonato Brasileiro Feminino Final Aberta"]
[Site "Cuiaba MT"]
[Date "2021.10.31"]
[Round "6"]
[Board "12"]
[White "Nakata, Thifanni Harumi"]
[Black "Penha, Evelyn Maximiano"]
[Result "1-0"]
[WhiteElo "1778"]
[BlackElo "1672"]
[PlyCount "133"]
[EventDate "2021.10.28"]
[EventRounds "11"]
[EventCountry "BRA"]

1. d4 Nf6 2. c4 c5 3. d5 b5 4. cxb5 a6 5. bxa6 g6 6. Nc3 Bxa6 7. e4 Bxf1 8.
Kxf1 d6 9. g3 Bg7 10. Kg2 O-O 11. Nf3 Nbd7 12. Qe2 Qa5 13. Bd2 Rfb8 14. Rab1
Ne8 15. h4 Nc7 16. a4 Qb6 17. h5 Qa6 18. hxg6 fxg6 19. Qe3 Nf6 20. b3 Rb7 21.
Be1 Rab8 22. Nd2 c4 23. bxc4 Rxb1 24. Ncxb1 Qxa4 25. c5 Qa1 26. cxd6 exd6 27.
Na3 Rb7 28. Nac4 Qa6 29. Qf4 Nce8 30. Ne3 Re7 31. Nec4 Nh5 32. Qf3 Nhf6 33. Qd3
Ng4 34. f3 Ngf6 35. Bf2 Nh5 36. Rb1 Rb7 37. Rxb7 Qxb7 38. Qa3 Qe7 39. Na5 Qg5
40. Qe3 Qd8 41. Nc6 Qf6 42. Nc4 h6 43. f4 g5 44. fxg5 hxg5 45. Qf3 Qxf3+ 46.
Kxf3 Kf7 47. Be3 Kg6 48. Bd2 Nhf6 49. g4 Nd7 50. Bb4 Bf8 51. Nd8 Be7 52. Ne6
Kf6 53. Bd2 Kg6 54. Bb4 Kf6 55. Nd4 Ne5+ 56. Nxe5 dxe5 57. Bxe7+ Kxe7 58. Nf5+
Kd7 59. Ne3 Nf6 60. Nc4 Nh7 61. Nxe5+ Kd6 62. Nd3 Nf8 63. Ke3 Ng6 64. Kd4 Nh4
65. e5+ Ke7 66. d6+ Kd7 67. Kd5  1-0

[Event "60o Campeonato Brasileiro Feminino Final Aberta"]
[Site "Cuiaba MT"]
[Date "2021.10.31"]
[Round "6"]
[Board "13"]
[White "Dias, Juliane De Oliveira"]
[Black "Reis, Virginia Lagrange M."]
[Result "1-0"]
[WhiteElo "1673"]
[BlackElo "1741"]
[PlyCount "69"]
[EventDate "2021.10.28"]
[EventRounds "11"]
[EventCountry "BRA"]

1. e4 c5 2. Nf3 Nc6 3. d4 cxd4 4. Nxd4 g6 5. Nxc6 bxc6 6. Qd4 Nf6 7. e5 Nd5 8.
e6 f6 9. exd7+ Bxd7 10. Bc4 e5 11. Qd1 Be6 12. O-O Bc5 13. Bb3 Ke7 14. Qe2 Qb6
15. Bd2 Rhe8 16. Nc3 Nxc3 17. Bxc3 Bxb3 18. axb3 Kf7 19. Rfd1 Re7 20. b4 Bd4
21. Qc4+ Kg7 22. Bxd4 exd4 23. Rxd4 Rae8 24. g3 Qb7 25. Qc5 Re1+ 26. Rxe1 Rxe1+
27. Kg2 Re7 28. Rd6 Re5 29. Qxc6 Qxb4 30. Rd7+ Kh6 31. Qb7 Qc3 32. Rxh7+ Kg5
33. h4+ Kf5 34. Qd7+ Re6 35. Qd3+  1-0

[Event "60o Campeonato Brasileiro Feminino Final Aberta"]
[Site "Cuiaba MT"]
[Date "2021.10.31"]
[Round "6"]
[Board "14"]
[White "Sandrim Juliao, Tais"]
[Black "Do Amaral Vailant, Helena Kether"]
[Result "1/2-1/2"]
[WhiteElo "1712"]
[BlackElo "1414"]
[PlyCount "131"]
[EventDate "2021.10.28"]
[EventRounds "11"]
[EventCountry "BRA"]

1. c4 f5 2. g3 Nf6 3. Bg2 d6 4. d4 c6 5. Nc3 Nbd7 6. Bg5 e6 7. e3 Be7 8. Nge2
h6 9. Bxf6 Nxf6 10. O-O O-O 11. Qb3 Kh7 12. Rad1 Qe8 13. Qc2 Kh8 14. e4 fxe4
15. Nxe4 g6 16. Qd2 Kh7 17. Qd3 Bd7 18. Nf4 Kg7 19. Rde1 g5 20. Nxf6 Rxf6 21.
Ne2 Qf7 22. Nc3 d5 23. cxd5 exd5 24. Re3 Rf8 25. Qe2 Bd6 26. a3 g4 27. b4 a6
28. Na4 Qg6 29. Nc5 Bc8 30. Nd3 h5 31. a4 Qg5 32. Re8 Bd7 33. Rxf8 Rxf8 34. Nc5
Re8 35. Qb2 Bc8 36. Rd1 h4 37. b5 axb5 38. axb5 hxg3 39. hxg3 Qf6 40. Qd2 Qe7
41. bxc6 bxc6 42. Rc1 Kg6 43. Nd3 Bd7 44. Re1 Qg5 45. Qxg5+ Kxg5 46. Rxe8 Bxe8
47. Kf1 Kf5 48. Ke2 Bd7 49. Kd2 Bc8 50. Kc3 Ba6 51. Nb4 Bb5 52. Nc2 Be7 53.
Ne3+ Kg5 54. f3 gxf3 55. Bxf3 Bd6 56. Nc2 Bxg3 57. Kb4 Bd6+ 58. Ka5 Bd3 59. Nb4
Be4 60. Be2 c5 61. dxc5 Bxc5 62. Kb5 Bg1 63. Na2 Kf5 64. Nc3 Bg2 65. Bd3+ Ke5
66. Ne2  1/2-1/2

[Event "60o Campeonato Brasileiro Feminino Final Aberta"]
[Site "Cuiaba MT"]
[Date "2021.10.31"]
[Round "6"]
[Board "15"]
[White "Flores, Clarice Soares Leite"]
[Black "Brambilla, Renee Blandy T."]
[Result "1-0"]
[WhiteElo "1656"]
[BlackElo "1671"]
[PlyCount "115"]
[EventDate "2021.10.28"]
[EventRounds "11"]
[EventCountry "BRA"]

1. d4 Nf6 2. c4 g6 3. Nc3 Bg7 4. e4 d6 5. f3 O-O 6. Bg5 c5 7. d5 h6 8. Bh4 e6
9. Qd2 Nxe4 10. Bxd8 Nxd2 11. Be7 Re8 12. Bxd6 Nxf1 13. Kxf1 exd5 14. Nxd5 Na6
15. Ne7+ Kh7 16. Nxc8 Raxc8 17. Ne2 Re6 18. Bg3 Rd8 19. Nf4 Rb6 20. Nd5 Rxb2
21. Re1 Rxa2 22. Re7 Ra1+ 23. Be1 b5 24. cxb5 Rxd5 25. bxa6 Rxa6 26. Rxf7 Kg8
27. Re7 c4 28. Rc7 c3 29. g4 Ra1 30. Kg2 Ra2+ 31. Kh3 c2 32. Bg3 Be5 33. Rc8+
Kf7 34. Bxe5 Rxe5 35. Kg3 Rb2 36. Rc1 Re2 37. Ra1 g5 38. Rxa7+ Re7 39. Ra6 Kg7
40. Rac6 Re2 41. R8c7+ Kg8 42. Rg6+ Kf8 43. f4 Rg2+ 44. Kf3 Rf2+ 45. Ke3 gxf4+
46. Ke4 Rb4+ 47. Kf5 Rb5+ 48. Ke4 Rb2 49. Rc8+ Kf7 50. Rxh6 Re2+ 51. Kf5 Re8
52. Rc7+ Kg8 53. Rg6+ Kh8 54. Rh6+ Kg8 55. Kf6 Rf8+ 56. Kg6 Rf7 57. Rc8+ Rf8
58. Rh8+  1-0

[Event "60o Campeonato Brasileiro Feminino Final Aberta"]
[Site "Cuiaba MT"]
[Date "2021.10.31"]
[Round "6"]
[Board "16"]
[White "Moraes Silva, Natasha Alejandra"]
[Black "Felix, Luiza De Oliveira"]
[Result "0-1"]
[WhiteElo "1436"]
[BlackElo "1599"]
[PlyCount "80"]
[EventDate "2021.10.28"]
[EventRounds "11"]
[EventCountry "BRA"]

1. e4 c5 2. c3 Nf6 3. e5 Nd5 4. c4 Nc7 5. Nf3 Nc6 6. Nc3 g6 7. g3 Bg7 8. Qe2
Ne6 9. Bg2 Ned4 10. Nxd4 Nxd4 11. Qe4 d5 12. exd6 Qxd6 13. Nb5 Nxb5 14. cxb5
O-O 15. O-O Bd4 16. d3 Qf6 17. Rb1 Bf5 18. Qe2 c4 19. Be4 Qe6 20. Re1 cxd3 21.
Bxd3 Qxe2 22. Bxe2 Bxb1 23. Bh6 Bxa2 24. Bxf8 Kxf8 25. Bf3 Rd8 26. Bxb7 Bd5 27.
Bc6 Bxc6 28. bxc6 Rc8 29. Rd1 Bxb2 30. Rd7 Rxc6 31. Rxa7 Bd4 32. Ra2 Rb6 33.
Kg2 Rb2 34. Rxb2 Bxb2 35. f3 e5 36. g4 f5 37. h3 Kf7 38. Kf2 Ke6 39. Ke3 Kd5
40. f4 e4 {ABD}  0-1

[Event "60o Campeonato Brasileiro Feminino Final Aberta"]
[Site "Cuiaba MT"]
[Date "2021.10.31"]
[Round "6"]
[Board "17"]
[White "Almeida, Bianca Martins"]
[Black "Braga, Debora Abade"]
[Result "1-0"]
[WhiteElo "1262"]
[BlackElo "1480"]
[PlyCount "73"]
[EventDate "2021.10.28"]
[EventRounds "11"]
[EventCountry "BRA"]

1. e4 c6 2. Nf3 d5 3. exd5 cxd5 4. Bb5+ Nc6 5. h3 a6 6. Bxc6+ bxc6 7. d4 Nf6 8.
Nc3 e6 9. a3 a5 10. O-O Bd6 11. Re1 O-O 12. Ne5 Bb7 13. Bg5 Be7 14. Qe2 h6 15.
Bh4 g5 16. Bg3 Nd7 17. Ng4 Kh7 18. Qd3+ f5 19. Rxe6 Ba6 20. Qe3 Bf6 21. Nxf6+
Nxf6 22. Re7+ Kg8 23. Bc7 Qc8 24. Qe6+ Qxe6 25. Rxe6 Bb7 26. Na4 Rf7 27. Bb6
Kg7 28. Nc5 Ne4 29. Nxe4 fxe4 30. Rf1 Ra6 31. Bc5 Bc8 32. Re5 Ra8 33. c4 Bb7
34. f3 exf3 35. Rxf3 Raf8 36. Bxf8+ Rxf8 37. Re7+ {ABD}  1-0

[Event "60o Campeonato Brasileiro Feminino Final Aberta"]
[Site "Cuiaba MT"]
[Date "2021.10.31"]
[Round "6"]
[Board "18"]
[White "Silveira, Celissa Franco Godoy D"]
[Black "Bokhonok, Tatiana Dos Santos Spin"]
[Result "0-1"]
[WhiteElo "1810"]
[BlackElo "1230"]
[PlyCount "62"]
[EventDate "2021.10.28"]
[EventRounds "11"]
[EventCountry "BRA"]

1. d4 e6 2. e4 d5 3. e5 c5 4. Nf3 Nc6 5. Be3 Qb6 6. b3 Bd7 7. Be2 cxd4 8. Nxd4
Bc5 9. c3 Nge7 10. b4 Bxd4 11. Bxd4 Nxd4 12. Qxd4 Qxd4 13. cxd4 Nc6 14. a3 Nxd4
15. Ra2 Rc8 16. O-O Nxe2+ 17. Rxe2 Bb5 18. f3 Bxe2 19. Re1 Bd3 20. Nd2 Rc2 21.
Nb3 Rc3 22. Nc1 Bc4 23. a4 O-O 24. f4 Ra3 25. a5 Ra4 26. g3 Rxb4 27. Ne2 Bxe2
28. Rxe2 Rc8 29. Kg2 Ra4 30. Rb2 Rc7 31. Kh3 d4 {Brancas abandonaram}  0-1

[Event "60o Campeonato Brasileiro Feminino Final Aberta"]
[Site "Cuiaba MT"]
[Date "2021.10.31"]
[Round "6"]
[Board "19"]
[White "Montes, Sofia"]
[Black "Dull, Amanda Paul"]
[Result "1-0"]
[WhiteElo "1836"]
[BlackElo "1847"]
[PlyCount "47"]
[EventDate "2021.10.28"]
[EventRounds "11"]
[EventCountry "BRA"]

1. c4 e5 2. Nc3 f5 3. g3 Nf6 4. Bg2 Nc6 5. d3 Bb4 6. Qb3 Bxc3+ 7. Qxc3 d6 8.
Nf3 Bd7 9. O-O O-O 10. Bd2 Qe8 11. b4 Rb8 12. b5 Ne7 13. Qa5 c6 14. a4 Nc8 15.
Qc7 Ne7 16. Qxd6 e4 17. Ne5 exd3 18. Nxd7 dxe2 19. Nxb8 exf1=Q+ 20. Rxf1 Nc8
21. Qf4 Nb6 22. a5 Ne4 23. axb6 Nxd2 24. bxa7  1-0

[Event "60o Campeonato Brasileiro Feminino Final Aberta"]
[Site "Cuiaba MT"]
[Date "2021.10.31"]
[Round "6"]
[Board "20"]
[White "Da Silva, Debora Oliveira Lopes"]
[Black "Muraoka, Karoline Aimy"]
[Result "0-1"]
[WhiteElo "1389"]
[BlackElo "1821"]
[PlyCount "40"]
[EventDate "2021.10.28"]
[EventRounds "11"]
[EventCountry "BRA"]

1. e4 c5 2. Nf3 d6 3. d4 cxd4 4. Nxd4 Nf6 5. Nc3 a6 6. Be3 e6 7. a4 b6 8. f4
Bb7 9. Qf3 Nbd7 10. g3 Rc8 11. O-O-O Rxc3 12. bxc3 Bxe4 13. Qf2 Bxh1 14. Bxa6
Ba8 15. Qe2 d5 16. Bf2 Ba3+ 17. Kb1 Ne4 18. Rd3 Nxf2 19. Qxf2 O-O 20. Nb5 Be7
 0-1

[Event "60o Campeonato Brasileiro Feminino Final Aberta"]
[Site "Cuiaba MT"]
[Date "2021.10.31"]
[Round "6"]
[Board "22"]
[White "Silva, Marina Taborelli"]
[Black "Mayara Sibowicz, Giovanna"]
[Result "0-1"]
[WhiteElo "1651"]
[BlackElo "1683"]
[PlyCount "66"]
[EventDate "2021.10.28"]
[EventRounds "11"]
[EventCountry "BRA"]

1. e4 e5 2. Bc4 Nf6 3. Nc3 Bc5 4. Nf3 O-O 5. h3 a6 6. O-O Nc6 7. d3 h6 8. a3 d6
9. b4 Ba7 10. Bb2 Be6 11. Bxe6 fxe6 12. Ne2 Qe8 13. Qd2 Nh5 14. d4 exd4 15.
Nfxd4 e5 16. Nf5 Ne7 17. Nxh6+ gxh6 18. Qxh6 Qg6 19. Qxg6+ Nxg6 20. Kh2 Kg7 21.
Rad1 Nhf4 22. Rd2 Rh8 23. c4 b6 24. c5 bxc5 25. bxc5 Bxc5 26. Bc1 Raf8 27. a4
Nxh3 28. Kg3 Nhf4 29. Rdd1 Kf6 30. Rh1 Rfg8 31. Rxh8 Nxh8+ 32. Kh2 Rxg2+ 33.
Kh1 Rxf2  0-1

[Event "60o Campeonato Brasileiro Feminino Final Aberta"]
[Site "Cuiaba MT"]
[Date "2021.11.01"]
[Round "7"]
[Board "1"]
[White "Terao, Juliana Sayumi"]
[Black "Librelato, Kathie Goulart"]
[Result "1-0"]
[WhiteElo "2252"]
[BlackElo "2165"]
[PlyCount "95"]
[EventDate "2021.10.28"]
[EventRounds "11"]
[EventCountry "BRA"]

1. e4 c5 2. c3 d5 3. exd5 Qxd5 4. d4 Nc6 5. Nf3 cxd4 6. cxd4 e5 7. Nc3 Bb4 8.
Bd2 Bxc3 9. Bxc3 e4 10. Ne5 Nxe5 11. dxe5 Ne7 12. Qa4+ Bd7 13. Qa3 Qe6 14. Rd1
O-O 15. Be2 Bc6 16. O-O Ng6 17. Rd6 Qf5 18. Rfd1 Nf4 19. Bf1 Qg4 20. Ba5 h5 21.
Qe3 h4 22. h3 Qf5 23. Bd2 Ng6 24. b4 a6 25. Qg5 Qxg5 26. Bxg5 Rfe8 27. Rxg6
fxg6 28. Bc4+ Kh7 29. e6 Rac8 30. Rd4 Rc7 31. f3 Rf8 32. fxe4 Bb5 33. e7 Re8
34. Bb3 Rd7 35. Rxd7 Bxd7 36. Kf2 Rc8 37. Bd5 b6 38. Kf3 Rc3+ 39. Kf4 Rg3 40.
e5 Be8 41. Bf3 Rxf3+ 42. gxf3 Kg8 43. e6 Kh7 44. Ke5 a5 45. bxa5 bxa5 46. Kd6
a4 47. Kc7 a3 48. Kd8  1-0

[Event "60o Campeonato Brasileiro Feminino Final Aberta"]
[Site "Cuiaba MT"]
[Date "2021.11.01"]
[Round "7"]
[Board "2"]
[White "Alboredo, Julia"]
[Black "Medeiros, Thauane Ferreira"]
[Result "1-0"]
[WhiteElo "2183"]
[BlackElo "1896"]
[PlyCount "97"]
[EventDate "2021.10.28"]
[EventRounds "11"]
[EventCountry "BRA"]

1. d4 d5 2. c4 e6 3. Nc3 Nf6 4. cxd5 exd5 5. Bg5 Be7 6. e3 O-O 7. Qc2 h6 8. Bh4
Re8 9. Bd3 c5 10. Nf3 Nc6 11. Bb5 cxd4 12. Bxc6 bxc6 13. Nxd4 Bd7 14. O-O Nh5
15. Bxe7 Qxe7 16. Na4 Rac8 17. Nc5 Nf6 18. Rac1 Ng4 19. h3 Ne5 20. b3 Red8 21.
Qe2 Qf6 22. Rc3 Be8 23. Rfc1 Rc7 24. Nd3 Nxd3 25. Qxd3 Rb8 26. Rc5 Rd8 27. Qa6
Rd6 28. b4 Bd7 29. Qe2 Rb7 30. a3 Rb6 31. Ra5 Rb7 32. Ra6 Qg6 33. Kh2 Qf6 34.
Qf3 Qe5+ 35. Qg3 Qxg3+ 36. Kxg3 Rf6 37. Rc5 Kh7 38. Rca5 h5 39. f3 Rg6+ 40. Kf2
Rb6 41. Rxa7 Be6 42. Rc5 Rf6 43. Rxc6 Rxc6 44. Nxc6 Bf5 45. Nd4 Bd3 46. b5 g5
47. a4 g4 48. hxg4 hxg4 49. a5  1-0

[Event "60o Campeonato Brasileiro Feminino Final Aberta"]
[Site "Cuiaba MT"]
[Date "2021.11.01"]
[Round "7"]
[Board "3"]
[White "Ichimura G. Barbosa, Larissa Y."]
[Black "Frattini, Beatriz Maria"]
[Result "1/2-1/2"]
[WhiteElo "2007"]
[BlackElo "1880"]
[PlyCount "68"]
[EventDate "2021.10.28"]
[EventRounds "11"]
[EventCountry "BRA"]

1. e4 c5 2. Nf3 d6 3. d4 cxd4 4. Nxd4 Nf6 5. Nc3 Nc6 6. Bc4 e6 7. Be3 a6 8. Bb3
Be7 9. f4 Qa5 10. O-O Nxd4 11. Qxd4 O-O 12. Qd2 Qc7 13. f5 b5 14. a3 Ng4 15.
Bd4 Ne5 16. Ne2 exf5 17. exf5 Bb7 18. Ng3 Kh8 19. Nh5 f6 20. Nf4 Nc4 21. Qf2
Qd7 22. Rae1 Rfe8 23. Ng6+ Kg8 24. Qh4 Bf8 25. Qh5 Rxe1 26. Rxe1 Re8 27. Rf1
Qc6 28. Rf3 Re1+ 29. Kf2 Qe4 30. Rf4 Qxg2+ 31. Kxe1 Qd2+ 32. Kf1 Qg2+ 33. Ke1
Qd2+ 34. Kf1 Qg2+  1/2-1/2

[Event "60o Campeonato Brasileiro Feminino Final Aberta"]
[Site "Cuiaba MT"]
[Date "2021.11.01"]
[Round "7"]
[Board "4"]
[White "Heinrichs, Vivian"]
[Black "Martins De Aguiar, Marina"]
[Result "0-1"]
[WhiteElo "1974"]
[BlackElo "1713"]
[PlyCount "107"]
[EventDate "2021.10.28"]
[EventRounds "11"]
[EventCountry "BRA"]

1. e4 c5 2. Nf3 e6 3. d4 cxd4 4. Nxd4 Nf6 5. Nc3 Nc6 6. Nxc6 bxc6 7. e5 Nd5 8.
Ne4 Qc7 9. f4 Qb6 10. c4 Bb4+ 11. Ke2 f5 12. exf6 Nxf6 13. Be3 Qd8 14. Nd6+
Bxd6 15. Qxd6 Bb7 16. Rd1 Rc8 17. g4 c5 18. Rg1 Qc7 19. Qxc7 Rxc7 20. g5 Ng8
21. Bh3 Ne7 22. Rd6 Rf8 23. Rgd1 Nf5 24. Bxf5 Rxf5 25. Kf2 Ke7 26. b3 Bc6 27.
Kg3 Rb7 28. Bc1 a5 29. Bb2 Kf7 30. Be5 a4 31. R1d3 axb3 32. Rxb3 Ra7 33. a3 Ra4
34. Rc3 Kg6 35. h4 Rf8 36. Kg4 h5+ 37. Kg3 Rfa8 38. Rdd3 R8a7 39. Re3 Rb7 40.
Bd6 Rb1 41. Bxc5 Rg1+ 42. Kf2 Rg4 43. Bd6 Rxh4 44. c5 Rh2+ 45. Kf1 Ra2 46. Kg1
Rg2+ 47. Kf1 Ra2 48. Kg1 Bd5 49. Be5 Ra7 50. Rh3 Rb7 51. Rc1 Rb5 52. Rh2 Rxa3
53. Rb2 Raa5 54. Kh2 {erro na notaÃƒÂ
ÃƒÂ£o}  0-1

[Event "60o Campeonato Brasileiro Feminino Final Aberta"]
[Site "Cuiaba MT"]
[Date "2021.11.01"]
[Round "7"]
[Board "5"]
[White "De Freitas, Isabella Ribeiro Conti"]
[Black "Bail, Ellen Larissa"]
[Result "1-0"]
[WhiteElo "1863"]
[BlackElo "1833"]
[PlyCount "97"]
[EventDate "2021.10.28"]
[EventRounds "11"]
[EventCountry "BRA"]

1. e4 e6 2. d4 d5 3. Nc3 Nf6 4. Bg5 dxe4 5. Nxe4 Be7 6. Bxf6 gxf6 7. Nf3 f5 8.
Nc3 b6 9. Bb5+ c6 10. Be2 Rg8 11. Ne5 Bf6 12. Bf3 Qd6 13. O-O a6 14. Qe2 Ra7
15. Rad1 Kf8 16. Rfe1 Bd8 17. Nc4 Qf4 18. Qe3 Qh4 19. Ne2 Bc7 20. Ng3 Rg6 21.
Qa3+ Kg8 22. Nf1 a5 23. Ne5 Rh6 24. g3 Qg5 25. Qe3 Qg7 26. Nxc6 Nxc6 27. Bxc6
f4 28. Qf3 Bd6 29. Nd2 Rc7 30. Nc4 fxg3 31. hxg3 Be7 32. Nxb6 Ba6 33. Na4 Rf6
34. Qg2 e5 35. d5 Rg6 36. Nc3 f5 37. Be8 Rg4 38. d6 Rc8 39. Bd7 Bd8 40. Qd5+
Kf8 41. Bxc8 Rxg3+ 42. fxg3 Qxg3+ 43. Qg2 Bb6+ 44. Kh1 Qh4+ 45. Qh2 Qg4 46.
Qh6+ Kf7 47. Qxh7+ Kf8 48. Qe7+ Kg8 49. Rg1  1-0

[Event "60o Campeonato Brasileiro Feminino Final Aberta"]
[Site "Cuiaba MT"]
[Date "2021.11.01"]
[Round "7"]
[Board "6"]
[White "Eger, Laura Luisa"]
[Black "Tamarozi, Isabelle"]
[Result "0-1"]
[WhiteElo "1767"]
[BlackElo "1981"]
[PlyCount "114"]
[EventDate "2021.10.28"]
[EventRounds "11"]
[EventCountry "BRA"]

1. e4 c5 2. Nf3 Nc6 3. Bb5 g6 4. Bxc6 bxc6 5. O-O Bg7 6. Re1 Rb8 7. c3 Nf6 8.
d4 cxd4 9. cxd4 d5 10. e5 Ne4 11. Nc3 Nxc3 12. bxc3 Qa5 13. Bd2 Bf5 14. Nh4 Be4
15. Qc1 O-O 16. Nf3 f6 17. exf6 exf6 18. Bf4 Rbd8 19. Nd2 g5 20. Bg3 Rfe8 21.
Nb3 Qb5 22. Nc5 Bf8 23. f3 Bf5 24. Nb3 Bg6 25. Qd2 a5 26. Bc7 Ra8 27. Rxe8 Bxe8
28. Bxa5 Rxa5 29. c4 Qxb3 30. axb3 Rxa1+ 31. Kf2 dxc4 32. bxc4 Bf7 33. d5 cxd5
34. cxd5 Bc5+ 35. Kg3 Bd6+ 36. Kf2 Bxh2 37. g3 Bg1+ 38. Kg2 Bc5 39. Qb2 Rd1 40.
Qxf6 Rxd5 41. Kf1 Bd4 42. Qe7 Kg7 43. Qb4 Be5 44. Qe4 Bxg3 45. Kg2 Bf4 46. Kf1
h5 47. Qc2 h4 48. Qb2+ Re5 49. Qc2 Bg3 50. Kg2 Be6 51. Qc7+ Kg6 52. Qc2+ Bf5
53. Qd2 Bf4 54. Qd1 h3+ 55. Kh1 Bg3 56. Qd6+ Kh5 57. Qd1 Re1+  0-1

[Event "60o Campeonato Brasileiro Feminino Final Aberta"]
[Site "Cuiaba MT"]
[Date "2021.11.01"]
[Round "7"]
[Board "7"]
[White "Dias, Juliane De Oliveira"]
[Black "Menezes, Grasielle Da Silv"]
[Result "1/2-1/2"]
[WhiteElo "1673"]
[BlackElo "1868"]
[PlyCount "54"]
[EventDate "2021.10.28"]
[EventRounds "11"]
[EventCountry "BRA"]

1. e4 c6 2. d4 d5 3. Nd2 dxe4 4. Nxe4 Nf6 5. Ng3 g6 6. Nf3 Bg7 7. Bc4 Nbd7 8.
O-O Nb6 9. Bb3 Bg4 10. c3 Nbd5 11. h3 Bxf3 12. Qxf3 Qd7 13. Re1 O-O-O 14. Ne4
Qf5 15. Qxf5+ gxf5 16. Ng5 Rhf8 17. Bxd5 Nxd5 18. Nxh7 Rh8 19. Ng5 Rhf8 20. Re2
e6 21. Bd2 Bf6 22. Nh7 Rg8 23. Nxf6 Nxf6 24. f3 Rg6 25. Kf2 Rdg8 26. Rg1 Nh7
27. Ree1 Ng5  1/2-1/2

[Event "60o Campeonato Brasileiro Feminino Final Aberta"]
[Site "Cuiaba MT"]
[Date "2021.11.01"]
[Round "7"]
[Board "8"]
[White "Viaro Baccarin, Natalia"]
[Black "Flores, Clarice Soares Leite"]
[Result "1/2-1/2"]
[WhiteElo "1865"]
[BlackElo "1656"]
[PlyCount "76"]
[EventDate "2021.10.28"]
[EventRounds "11"]
[EventCountry "BRA"]

1. e4 c5 2. Nf3 g6 3. d4 cxd4 4. Nxd4 Nc6 5. c4 Nf6 6. Nc3 d6 7. Nc2 Bg7 8. Be2
O-O 9. O-O a5 10. Na3 Be6 11. Nab5 Rc8 12. Rb1 Ne5 13. b3 a4 14. Be3 axb3 15.
axb3 Nc6 16. f4 Nb4 17. g4 Bd7 18. g5 Ne8 19. Bd4 Bxd4+ 20. Qxd4 Bh3 21. Rf2
Bd7 22. f5 Rc5 23. Rbf1 Ng7 24. Bg4 Qc8 25. f6 Nc6 26. Bxd7 Qxd7 27. Qd2 exf6
28. Nd5 Ne8 29. Nbc7 Rxd5 30. Nxd5 fxg5 31. Qxg5 Kg7 32. Rf4 h6 33. Qg3 Ne5 34.
h4 h5 35. Rf5 Ng4 36. R5f3 Ne5 37. Rf5 Ng4 38. R5f3 Ne5  1/2-1/2

[Event "60o Campeonato Brasileiro Feminino Final Aberta"]
[Site "Cuiaba MT"]
[Date "2021.11.01"]
[Round "7"]
[Board "9"]
[White "Nunes, Agatha Hurba"]
[Black "Da Cunha, Gabriela Goes"]
[Result "1-0"]
[WhiteElo "1797"]
[BlackElo "1588"]
[PlyCount "127"]
[EventDate "2021.10.28"]
[EventRounds "11"]
[EventCountry "BRA"]

1. d4 Nf6 2. c4 g6 3. Nc3 d5 4. Bf4 Bg7 5. Nf3 O-O 6. e3 c5 7. dxc5 Ne4 8. Rc1
Nd7 9. cxd5 Qa5 10. Be2 Nxc3 11. Qd2 Nxc5 12. bxc3 Ne4 13. Qc2 Nxc3 14. O-O
Nxd5 15. Bg5 Be6 16. e4 Nf6 17. e5 Rfc8 18. Qb2 Nd5 19. Bc4 b6 20. Qb3 h6 21.
Bd2 Qc5 22. Ba6 Nc3 23. Qxc3 Qxc3 24. Rxc3 Rxc3 25. Bxc3 Bxa2 26. Bb4 e6 27.
Bd6 Rd8 28. Rc1 Bd5 29. h3 Bf8 30. Bxf8 Kxf8 31. Rc7 Rb8 32. Nd4 Rd8 33. Nb5
Bb3 34. Nd6 f6 35. Rf7+ Kg8 36. Rxf6 Kg7 37. Rf7+ Kg8 38. Rxa7 Bd5 39. Rc7 Rb8
40. Rc8+ Rxc8 41. Nxc8 Kf7 42. Nxb6 Bb3 43. Bc4 Bc2 44. f4 Be4 45. Kf2 g5 46.
fxg5 hxg5 47. Nc8 Bc2 48. Nd6+ Ke7 49. Kf3 Bg6 50. Kg4 Bc2 51. Kxg5 Bd1 52. h4
Bc2 53. h5 Bb1 54. Kh6 Kf8 55. Bxe6 Bc2 56. Bf5 Ba4 57. Kg5 Kg8 58. h6 Bb3 59.
e6 Kh8 60. e7 Bg8 61. h7 Be6 62. Bxe6 Kg7 63. e8=Q Kxh7 64. Qg8#  1-0

[Event "60o Campeonato Brasileiro Feminino Final Aberta"]
[Site "Cuiaba MT"]
[Date "2021.11.01"]
[Round "7"]
[Board "10"]
[White "Kikuchi Cadilhac, Mariana Sawae"]
[Black "Nakata, Thifanni Harumi"]
[Result "1/2-1/2"]
[WhiteElo "1762"]
[BlackElo "1778"]
[PlyCount "55"]
[EventDate "2021.10.28"]
[EventRounds "11"]
[EventCountry "BRA"]

1. e4 c5 2. Nf3 d6 3. d4 cxd4 4. Nxd4 Nf6 5. Nc3 a6 6. Be2 e5 7. Nb3 Be7 8. O-O
O-O 9. Re1 Be6 10. Bf3 b5 11. Be3 Nbd7 12. Nd2 Qc7 13. Nf1 Rac8 14. Ng3 g6 15.
Nd5 Bxd5 16. exd5 Qxc2 17. b4 h5 18. a3 Kg7 19. Bg5 Rfe8 20. h4 Nb6 21. Be4
Qxd1 22. Rexd1 Nfd7 23. Rdc1 f5 24. Bxe7 Rxe7 25. Bxf5 Rxc1+ 26. Rxc1 Nc4 27.
Rc3 Nf6 28. Be4  1/2-1/2

[Event "60o Campeonato Brasileiro Feminino Final Aberta"]
[Site "Cuiaba MT"]
[Date "2021.11.01"]
[Round "7"]
[Board "11"]
[White "Felix, Luiza De Oliveira"]
[Black "Rodio, Julia Brunetto"]
[Result "1-0"]
[WhiteElo "1599"]
[BlackElo "1788"]
[PlyCount "79"]
[EventDate "2021.10.28"]
[EventRounds "11"]
[EventCountry "BRA"]

1. c4 e5 2. g3 Nc6 3. Bg2 g6 4. Nf3 Bg7 5. Nc3 d6 6. d3 Nge7 7. Rb1 f5 8. Bd2
a5 9. a3 O-O 10. b4 axb4 11. axb4 h6 12. b5 Nb8 13. O-O Nd7 14. Qc2 Nc5 15. Ra1
Be6 16. Be3 Rxa1 17. Rxa1 b6 18. Ra8 Nc8 19. Ra3 Nd7 20. Na2 g5 21. Nb4 f4 22.
Bc1 fxg3 23. hxg3 Qf6 24. Be3 Qf7 25. Nc6 Nf6 26. Ra8 Ng4 27. Qd2 Bf6 28. Nh2
Qh5 29. Nxg4 Bxg4 30. d4 e4 31. Bxe4 Bxe2 32. d5 Bf3 33. Bxf3 Qxf3 34. Bd4 Ne7
35. Nxe7+ Bxe7 36. Qc2 Qf7 37. Ra7 Qe8 38. Rxc7 Rf7 39. Qg6+ Kf8 40. Qxh6+  1-0

[Event "60o Campeonato Brasileiro Feminino Final Aberta"]
[Site "Cuiaba MT"]
[Date "2021.11.01"]
[Round "7"]
[Board "12"]
[White "Zago, Caroline Datora"]
[Black "Sandrim Juliao, Tais"]
[Result "1/2-1/2"]
[WhiteElo "1634"]
[BlackElo "1712"]
[PlyCount "157"]
[EventDate "2021.10.28"]
[EventRounds "11"]
[EventCountry "BRA"]

1. e4 e5 2. Nf3 Nc6 3. Bc4 Be7 4. d4 d6 5. c3 Nf6 6. Nbd2 O-O 7. O-O a6 8. a4
h6 9. Re1 Bg4 10. b4 exd4 11. cxd4 Nxd4 12. h3 Nxf3+ 13. Nxf3 Bh5 14. g4 Bg6
15. e5 dxe5 16. Nxe5 Qxd1 17. Rxd1 Bh7 18. Ba3 Bc2 19. Re1 Bd6 20. a5 Rae8 21.
Nd3 Rxe1+ 22. Rxe1 Ba4 23. Nc5 Bc6 24. Bb2 Nd7 25. Nd3 Rd8 26. Bc3 Nf8 27. Ne5
Be8 28. Re3 Bxe5 29. Bxe5 Rd1+ 30. Kh2 Bc6 31. f3 Rc1 32. Bd3 Ba4 33. Be4 Bc6
34. Bd3 Ne6 35. Bf5 Ng5 36. Rd3 Ne6 37. Bxe6 fxe6 38. Kg3 Bd5 39. Rc3 Rxc3 40.
Bxc3 Kf7 41. f4 g6 42. h4 Be4 43. g5 h5 44. Kf2 Ke7 45. Ke3 Bf5 46. Be5 Kd7 47.
Kd4 Kc6 48. Kc4 b6 49. axb6 cxb6 50. Bc3 Bg4 51. Kd4 Kb5 52. Ke5 a5 53. bxa5
bxa5 54. Ke4 a4 55. Kd3 a3 56. Kc2 Kc4 57. Be5 Bf5+ 58. Kc1 Kb3 59. Bf6 a2 60.
Be5 Kc4 61. Kd2 Kd5 62. Ke3 Kc5 63. Bf6 Kc4 64. Kd2 Bb1 65. Be5 Kd5 66. Ke3 Kc6
67. Kd2 Kd7 68. Ke3 Ke7 69. Kd2 a1=Q 70. Bxa1 Kd6 71. Ke3 Kd5 72. Be5 Kc4 73.
Kd2 Kb3 74. Kc1 Be4 75. Bf6 Kc4 76. Kd2 Bf5 77. Be5 Kb4 78. Bf6 Kc4 79. Be5
 1/2-1/2